MDQL
is popping MORE tags! Check the
thread
!
Quizzes
Events
Quiz Creation
Community
Videos
Private Events
Remove Ads
Sign In
Join for FREE
Feedback
Dark Mode
Quiz Categories
Sports
Geography
Music
Movies
Television
Just For Fun
Miscellaneous
History
Literature
Language
Science
Gaming
Entertainment
Religion
Holiday
For Kids
Quiz Lab
Recent
Popular Today
Quiz Kudos Today
Editor Picks
Curator Picks
Quizzes by...
Day
Popularity
Type
Ratings
Length
Year
Community
Subscriptions
Recent Discussions
Orange Saloon
Badges
Playlists
Quests
Create
Leaderboards
Showdown
Live 5
Trivia Bingo
Activity
Puzzle Library
Sporcle Events
Private Events
Virtual Trivia
Globe League
Become a Host
Pub Owners
SporcleCon
Opinionation
Our Games
Videos
Blog
Mobile Apps
Partnerships
Remove Ads and Go Orange
Feedback
Sports
Athletes
MLB
NBA
NHL
NFL
Soccer
Sports Teams
WWE
NCAA
Football
Premier League
Basketball
Baseball
Hockey
Golf
Tennis
Cricket
Rugby
Auto Racing
Olympics
World Cup
Sports
Athletes
MLB
NBA
NHL
NFL
Soccer
Sports Teams
WWE
NCAA
Football
Premier League
Basketball
Baseball
Hockey
Golf
Tennis
Cricket
Rugby
Auto Racing
Olympics
World Cup
Random Quiz
Search Sporcle
×
Quiz Lab
Quiz Lab
Sports
champion
Type in answers that appear in a list
Type in answers that appear in a list
Classic
Best Score? Go Orange.
2012 Olympic Champions single competitions Stats
Can you name the Can you name the 2012 Olympic Champions in single competitions?
By
sloFrodo
20m
224 Questions
21 Plays
21 Plays
21 Plays
Comments
Comments
Give Quiz Kudos
Give Quiz Kudos
-
- Ratings
hide this ad
Replay
Link that replays current quiz
Next Quiz
Link to next quiz in quiz playlist
You Got
0%
They Got
Avg Score
19%
Avg Friend Score
Upgrade to see
Score Distribution
Jump to the score distribution portion of the page
Score
0/224
Timer
20:00
0
Plays Today
Event
Champion
% Correct
Athletics, 100 m Men
Usain Bolt
100%
Athletics, 200 m Men
Usain Bolt
100%
Swimming, 100 m butterfly Men
Michael Phelps
85.7%
Swimming, 200 m individual medley Men
Michael Phelps
85.7%
Swimming, 400 m individual medley Men
Ryan Lochte
76.2%
Tennis Men
Andy Murray
76.2%
Tennis Women
Serena Williams
76.2%
Athletics, 200 m Women
Allyson Felix
71.4%
Athletics, 5000 m Men
Mo Farah
71.4%
Athletics, 10000 m Men
Mo Farah
71.4%
Athletics, 100 m Women
Shelly-Ann Fraser-Pryce
61.9%
Athletics, Triple jump Men
Christian Taylor
57.1%
Athletics, Heptathlon
Jessica Ennis
57.1%
Boxing, Lightweight Women
Katie Taylor
57.1%
Cycling, Men's Time Trial
Bradley Wiggins
57.1%
Swimming, 100 m backstroke Women
Missy Franklin
57.1%
Swimming, 200 m backstroke Women
Missy Franklin
57.1%
Athletics, 400 m hurdles Men
Felix Sanchez
52.4%
Athletics, Long jump Men
Greg Rutherford
52.4%
Athletics, Decathlon
Ashton Eaton
52.4%
Cycling Track, Men's Keirin
Chris Hoy
52.4%
Swimming, 400 m freestyle Men
Sun Yang
52.4%
Swimming, 1500 m freestyle Men
Sun Yang
52.4%
Athletics, 400 m Men
Kirani James
47.6%
Badminton Men
Lin Dan
47.6%
Badminton Women
Li Xuerui
47.6%
Swimming, 1500 m freestyle Women
Katie Ledecky
47.6%
Table Tennis Women
Li Xiaoxia
47.6%
Weightlifting 58 kg Women
Li Xueying
47.6%
Athletics, 800 m Men
David Rudisha
42.9%
Athletics, 10000 m Women
Tirunesh Dibaba
42.9%
Gymnastics (Artistic), all-
around Women
Gabby Douglas
42.9%
Taekwondo Lightweights Women
Jade Jones
42.9%
Athletics, 400 m Women
Sanya Richards-Ross
38.1%
Judo, Heavyweight Men
Teddy Riner
38.1%
Swimming, 100 m freestyle Men
Nathan Adrian
38.1%
Archery, Women
Ki Bo-Bae
33.3%
Athletics, Pole vault Men
Renauld Lavillenie
33.3%
Athletics, Discus throw Men
Robert Harting
33.3%
Athletics, 100 m hurdles Women
Sally Pearson
33.3%
Boxing, Flyweight Women
Nicola Adams
33.3%
Cycling, Men's Road Race
Alexander Vinokourov
33.3%
Gymnastics (Artistic), Fllor Exercise
Aly Raisman
33.3%
Swimming, 50 m freestyle Women
Ranomi Kromowidjojo
33.3%
Swimming, 100 m freestyle Women
Ranomi Kromowidjojo
33.3%
Swimming, 200 m individual medley Women
Ye Shiwen
33.3%
Swimming, 400 m individual medley Women
Ye Shiwen
33.3%
Weightlifting 69 kg Men
Lin Qingfeng
33.3%
Athletics, 3000 m steeplechase Men
Ezekiel Kemboi
28.6%
Athletics, 20 km walk Men
Chen Ding
28.6%
Athletics, Hammer throw Men
Krisztián Pars
28.6%
Athletics, Pole vault Women
Jenn Suhr
28.6%
Cycling Track, Men's Individual Sprint
Jason Kenny
28.6%
Cycling Track, Women's Keirin
Victoria Pendleton
28.6%
Cycling Track, Women's Omnium
Laura Trott
28.6%
Diving, 10 m Platform Men
Wu Minxia
28.6%
Gymnastics (Trampolin) Men
Dong Dong
28.6%
Swimming, 50 m freestyle Men
Florent Manaudou
28.6%
Swimming, 200 m freestyle Men
Yannick Agnel
28.6%
Swimming, 100 m backstroke Men
Matt Grevers
28.6%
Swimming, 200m breaststroke Men
Dániel Gyurta
28.6%
Swimming, 200 m butterfly Men
Chad le Clos
28.6%
Swimming, 10 km Marathon Men
Oussama Mellouli
28.6%
Swimming, 400 m freestyle Women
Camille Muffat
28.6%
Swimming, 200m breaststroke Women
Rebecca Soni
28.6%
Triathlon Men
Alistair Brownlee
28.6%
Athletics, 110 m hurdles Men
Aries Merritt
23.8%
Athletics, High jump Men
Ivan Ukhov
23.8%
Athletics, 5000 m Women
Meseret Defar
23.8%
Canoeing Slalom Men's C1
Tony Estanguet
23.8%
Diving, 10 m Platform Women
Chen Ruolin
23.8%
Fencing, Sabre Women
Kim Ji-Yeon
23.8%
Gymnastics (Artistic), all-
around Men
Kōhei Uchimura
23.8%
Gymnastics (Artistic), Vault
Yang Hak-Seon
23.8%
Gymnastics (Artistic), Uneven Bars
Aliya Mustafina
23.8%
Event
Champion
% Correct
Judo, Half-
middleweight Men
Kim Jae-Bum
23.8%
Judo, Half-
heavyweight Women
Kayla Harrison
23.8%
Shooting, 25 m Pistol Women
Kim Jang-Mi
23.8%
Swimming, 100 m breaststroke Men
Cameron van der Burgh
23.8%
Swimming, 200 m freestyle Women
Allison Schmitt
23.8%
Table Tennis Men
Zhang Jike
23.8%
Wrestling Greco Roman 66 kg Men
Kim Hyeon-Woo
23.8%
Wrestling Freestyle 66 kg Men
Kim Hyeon-Woo
23.8%
Athletics, 1500 m Men
Taoufik Makhloufi
19%
Athletics, Shot put Men
Tomasz Majewski
19%
Athletics, Javelin throw Men
Keshorn Walcott
19%
Athletics, Long jump Women
Brittney Reese
19%
Boxing, Bantamweight Men
Luke Campbell
19%
Boxing, Super Heavyweight Men
Anthony Joshua
19%
Cycling, Women's Cross Country
Julie Bresset
19%
Diving, 3 m Springboard Women
David Boudia
19%
Equestrian, Eventing
Michael Jung (on Sam)
19%
Gymnastics (Artistic), Horizontal Bar
Epke Zonderland
19%
Swimming, 200 m backstroke Men
Tyler Clary
19%
Swimming, 100 m butterfly Women
Dana Vollmer
19%
Weightlifting 48 kg Women
Wang Mingjuan
19%
Athletics, Marathon Men
Stephen Kiprotich
14.3%
Athletics, 3000 m steeplechase Women
Yuliya Zaripova
14.3%
Boxing, Flyweight Men
Robeisy Ramirez
14.3%
Cycling, Women's Road Race
Marianne Vos
14.3%
Cycling, Men's Time Trial
Kristin Armstrong
14.3%
Gymnastics (Artistic), Pommel Horse
Krisztián Berki
14.3%
Gymnastics (Trampolin) Women
Rosannagh MacLennan
14.3%
Judo, Extra-
lightweight Women
Sarah Menezes
14.3%
Judo, Middleweight Women
Lucie Decosse
14.3%
Swimming, 100 m breaststroke Women
Rūta Meilutytė
14.3%
Taekwondo Middleweight Women
Hwang Kyung-Seon
14.3%
Wrestling Greco Roman 120 kg Men
Mijaín López
14.3%
Wrestling Freestyle 74 kg Men
Jordan Burroughs
14.3%
Athletics, 50 km walk Men
Sergey Kirdyapkin
9.5%
Athletics, Discus throw Women
Sandra Perković
9.5%
Athletics, Hammer throw Women
Tatyana Lysenko
9.5%
Athletics, Javelin throw Women
Barbora Špotáková
9.5%
Boxing, Middleweight Women
Claressa Shields
9.5%
Canoeing Slalom Women's K1
Émilie Fer
9.5%
Canoeing Sprint Women's K1 200 m
Lisa Carrington
9.5%
Canoeing Sprint Women's K1 500 m
Danuta Kozak
9.5%
Cycling Track, Women's Individual Sprint
Anna Meares
9.5%
Fencing, SabreMen
Áron Szilágyi
9.5%
Gymnastics (Artistic), Floor
Zou Kai
9.5%
Gymnastics (Artistic), Parllel Bars
Feng Zhe
9.5%
Gymnastics (Artistic), Balance Beam
Deng Linlin
9.5%
Sailing, Finn Class Men
Ben Ainslie
9.5%
Shooting, 10 m Air Pistol Men
Jin Jong-Oh
9.5%
Shooting, 50 m Pistol Men
Jin Jong-Oh
9.5%
Shooting, Double Trap Men
Peter Wilson
9.5%
Shooting, 10 m Air Pistol Women
Guo Wenjun
9.5%
Shooting, Skeet Women
Kim Rhode
9.5%
Shooting, Trap Women
Jessica Rossi
9.5%
Swimming, 10 km Marathon Swimming, 200 m individual medley Women
Éva Risztov
9.5%
Taekwondo Flyweight Men
Joel González
9.5%
Taekwondo Flyweight Women
Wu Jingyu
9.5%
Triathlon Women
Nicola Spirig
9.5%
Archery, Men
Oh Jin-Hyek
4.8%
Athletics, 800 m Women
Mariya Savinova
4.8%
Athletics, 1500 m Women
Aslı Çakır Alptekin
4.8%
Athletics, 400 m hurdles Women
Natalya Antyukh
4.8%
Athletics, Triple jump Women
Olga Rypakova
4.8%
Athletics, Shot put Women
Nadzeya Astapchuk
4.8%
Canoeing Slalom Men's K1
Daniele Molmenti
4.8%
Canoeing Sprint Men's C1 1000 m
Sebastian Brendel
4.8%
Canoeing Sprint Men's K1 1000 m
Eirik Verås Larsen
4.8%
Canoeing Sprint Men's K1 200 m
Ed McKeever
4.8%
Cycling, Men's Cross Country
Jaroslav Kulhavý
4.8%
Cycling, BMX Men
Māris Štrombergs
4.8%
Cycling, BMX Women
Mariana Pajón
4.8%
Equestrian, Dressage
Charlotte Dujardin (on Valegro)
4.8%
Equestrian, Jumping
Steve Guerdat (on Nino Des Buissonets)
4.8%
Fencing, Foil Women
Elisa Di Francisca
4.8%
Gymnastics (Artistic), Rings
Arthur Zanetti
4.8%
Event
Champion
% Correct
Gymnastics (Artistic), Vault Womes
Sandra Izbașa
4.8%
Judo, Half-
middleweight Women
Urška Žolnir
4.8%
Judo, Heavyweight Women
Idalys Ortíz
4.8%
Rowing Men
Mahe Drysdale
4.8%
Modern Pentathlon Men
David Svoboda
4.8%
Modern Pentathlon Women
Laura Asadauskaitė
4.8%
Sailing, Sailboard Men
Dorian van Rijsselberghe
4.8%
Sailing, Laser Class Women
Xu Lijia
4.8%
Shooting, 25 m Rapid Fire Pistol Men
Leuris Pupo
4.8%
Shooting, Skeet Men
Vincent Hancock
4.8%
Shooting, 10 m Air Rifle Women
Yi Siling
4.8%
Taekwondo Lightweights Men
Servet Tazegül
4.8%
Taekwondo Middleweight Men
Sebastián Crismanich
4.8%
Taekwondo Heavyweight Men
Carlo Molfetta
4.8%
Weightlifting 56 kg Men
Om Yun-Chol
4.8%
Weightlifting 85 kg Men
Adrian Zieliński
4.8%
Weightlifting 94 kg Men
Ilya Ilin
4.8%
Weightlifting 105+ kg Men
Behdad Salimi
4.8%
Weightlifting 53 kg Women
Zulfiya Chinshanlo
4.8%
Weightlifting 75+kg Women
Zhou Lulu
4.8%
Wrestling Greco Roman 55 kg Men
Hamid Sourian
4.8%
Wrestling Greco Roman 74 kg Men
Roman Vlasov
4.8%
Wrestling Freestyle 55 kg Women
Saori Yoshida
4.8%
Wrestling Freestyle 63 kg Women
Kaori Icho
4.8%
Wrestling Freestyle 72 kg Women
Natalia Vorobieva
4.8%
Athletics, Marathon Women
Tiki Gelana
0%
Athletics, 20 km walk Women
Elena Lashmanova
0%
Athletics, High jump Women
Anna Chicherova
0%
Boxing, Light flyweight Men
Zou Shiming
0%
Boxing, Lightweight Men
Vasyl Lomachenko
0%
Boxing, Light welterweight Men
Roniel Iglesias
0%
Boxing, Welterweight Men
Serik Sapiyev
0%
Boxing, Middleweight Men
Ryōta Murata
0%
Boxing, Light heavyweight Men
Egor Mekhontsev
0%
Boxing, Heavyweight Men
Oleksandr Usyk
0%
Canoeing Sprint Men's C1 200 m
Yuriiy Cheban
0%
Cycling Track, Men's Omnium
Lasse Norman Hansen
0%
Diving, 3 m Springboard Men
Ilya Zakharov
0%
Fencing, Épée Men
Rubén Limardo
0%
Fencing, Foil Men
Lei Sheng
0%
Fencing, Épée Women
Yana Shemyakina
0%
Gymnastics (Rhythmic)
Yevgeniya Kanayeva
0%
Judo, Extra-
lightweight Men
Arsen Galstyan
0%
Judo, Half-
lightweight Men
Lasha Shavdatuashvili
0%
Judo, Lightweight Men
Mansur Isaev
0%
Judo, Middleweight Men
Song Dae-Nam
0%
Judo, Half-
heavyweight Men
Tagir Khaibulaev
0%
Judo, Half-
lightweight Women
An Kum-Ae
0%
Judo, Lightweight Women
Kaori Matsumoto
0%
Rowing Women
Miroslava Knapkova
0%
Shooting, 50 m Rifle Three Positions Men
Niccolo Campriani
0%
Sailing, Laser Class Men
Tom Slingsby
0%
Sailing, Sailboard Women
Marina Alabau
0%
Shooting, 10 m Air Rifle Men
Alin George Moldoveanu
0%
Shooting, 50 m Rifle Prone Men
Sergei Martynov
0%
Shooting, Trap Men
Giovanni Cernogoraz
0%
Shooting, 50 m Rifle Three Positions Women
Jamie Lynn Gray
0%
Swimming, 200 m butterfly Women
Jiao Liuyang
0%
Taekwondo Heavyweight Women
Milica Mandić
0%
Weightlifting 62 kg Men
Kim Un-Guk
0%
Weightlifting 77 kg Men
Lu Xiaojun
0%
Weightlifting 105 kg Men
Oleksiy Torokhtiy
0%
Weightlifting 63 kg Women
Maiya Maneza
0%
Weightlifting 69 kg Women
Rim Jong-Sim
0%
Weightlifting 75 kg Women
Svetlana Podobedova
0%
Wrestling Greco Roman 60 kg Men
Omid Norouzi
0%
Wrestling Greco Roman 84 kg Men
Alan Khugayev
0%
Wrestling Greco Roman 96 kg Men
Ghasem Rezaei
0%
Wrestling Freestyle 55 kg Men
Djamal Otarsultanov
0%
Wrestling Freestyle 60 kg Men
Toghrul Asgarov
0%
Wrestling Freestyle 84 kg Men
Sharif Sharifov
0%
Wrestling Freestyle 96 kg Men
Ghasem Rezaei
0%
Wrestling Freestyle 120 kg Men
Artur Taymazov
0%
Wrestling Freestyle 48 kg Women
Hitomi Obara
0%
Quiz Playlist
Details
Report
Send in Message
Add To Playlist
Classic:
Type in answers that appear in a list
Last Updated: Feb 16, 2017
Quiz Scoreboard
CHALLENGE
Sign Up to Join the Scoreboard
Show All
Scores
Hide
Comments
May contain spoilers
Recently Published
Image Sorting: Flags VI
by Barbecue
Geography
2m
Find the 'City' Movie
by crazypaving
Movies
60s
Colored Red Africa Blitz
by spor1
Geography
45s
More to Explore
Quiz From the Vault
Featured Blog Post
14 Easter Pick-up Lines to Find Eggs With
hide this ad
You Might Also Like...
Tags
2012
champion
competition
Event
Representing
Single
Today's Top Quizzes in Sports
Browse Sports
hide this ad
Today's Top Quizzes in champion
Browse champion
Top Contributed Quizzes in Sports
1
Les meilleurs buteurs des matchs entre le PSG et l’OM
2
Les entraîneurs de l'OM et du PSG au 21e siècle
3
Les joueurs passés par le PSG et l'OM
4
2022 World Cup Stars
5
Players with Multiple 50 Home Run Seasons
6
Criteria MLB: Left Handed Sluggers
7
Les joueurs passés par le LOSC et le RC Lens
8
NBA Logic Puzzle 2.0
9
MLB Players with Two .350 Batting Average Seasons
10
FIFA Club World Cup Champions
Explore More
Trending Topics
Harry Potter
Kpop
Crossword
Anime
Disney
Marvel
NBA
NFL
WWE
The Office
Country
Puzzle
Soccer
Song
Pokémon
hide this ad
More By:
sloFrodo
Quiz
Plays
Rating
Category
Featured
Created
German Bundesliga Clubs 2011/12
22
Sports
Mar 6, 2012
2012 Olympic Champions single competitions
21
Sports
Aug 13, 2012
Go to Creator's Profile
Score Distribution
Quiz Creator Spotlight
sloFrodo
Follow
Send a Message
Quizzes Created
-
Created Quiz Play Count
-
More By This Creator
Popular Quizzes Today
1
Colored Red Africa Blitz
2
Find the US States - No Outlines Minefield
3
Find the 'City' Movie
4
5x2 Blitz: Bands
5
The Countries of the World
6
Find the US States
7
Find the Countries of Europe - No Outlines Minefield
8
US States
More Sports Quizzes
NBA drafted players from Louisville
Quiz Lab
Trending Quizzes
Colored Red Europe Blitz I
Colored Red Europe Blitz II
Colored Red Africa Blitz II
Colored Red Europe Blitz III
Colored Red Africa Blitz III
Recently Updated
How Do You Spell That?
pecheneg
Godzilla Movies
pecheneg
Grab Bag: 4-10 Letters
pecheneg
2024 March Madness Bracket
pecheneg
Famous TV Couples
Peacemaker
Champions League XIs: Real Madrid
pecheneg
Largest US Cities 1790-2010
pecheneg
Rides in Walt Disney World
pecheneg
Most Oscar Losses (Acting)
pecheneg
Beyoncé Albums
pecheneg
Trending Topics
Disney
NBA
Kpop
Marvel
Crossword
Harry Potter
Anime
WWE
The Office
Soccer
Song
Puzzle
NFL
Country
Pokémon
Your Account Isn't Verified!
In order to create a playlist on Sporcle, you need to verify the email address you used during registration. Go to your
Sporcle Settings
to finish the process.
Report this User
Report this user for behavior that violates our
Community Guidelines
.
Details:
Send Report
Go to the Sporcle.com Mobile Site →
Comments